Origami (Registo nº 199430)

Detalhes MARC
000 -Etiqueta do registo
Valores 01510nam 22002173 4500
010 ## - Número ISBN
ISBN 978-989-583-219-4
021 ## - Número do Depósito Legal
Código do país Portugal
Número 535292/24
100 ## - Dados gerais de processamento
Dados gerais 20251205d u||y0pory50 ba
200 ## - Titulo e menção de responsabilidade
Título próprio Origami
Informação de outro título ficções do eu
Primeira menção de responsabilidade José Gardeazabal
205 ## - Menção da edição
Edição
210 ## - Publicação
Local de publicação Lisboa
Nome do editor Companhia das letras
Data de publicação 2024
215 ## - Descrição física 
Paginação / Volumes 138, [3] p.
Outras indicações físicas brochado
Dimensões 23 cm
330 ## - Sumário ou Resumo
Texto da nota Neste romance, somos conduzidos por caminhos que divergem, que se cruzam e voltam a separar-se, e que confluem num território partilhado entre narrador e leitor, como num jogo de espelhos: Origami é uma história de família e de desencontros emocionais, ao mesmo tempo que é a narrativa de autodescoberta de um rapaz em busca de si mesmo e do seu lugar, numa trama que se desdobra ainda em retrato social, em crónica da contemporaneidade, em quebra-cabeças de um crime, em radiografia do fim dos tempos.<br/><br/>Servindo-se do tom despojado a que o autor nos vem habituando — ora ácido, ora melancólico —, Origami fala-nos da solidão acompanhada, essa grande doença do século, mas também nos confronta com o incomensurável drama coletivo das migrações. Pelo meio, há um misterioso homicídio para resolver. Ao dirigir a luz para lugares quase sempre cheios de sombra, este é um livro inesperadamente libertador.
606 ## - Nome comum usado como assunto
Palavra de ordem Literatura Portuguesa
ID Autoridade 6
675 ## - CDU
Notação 821.134.3-3
Edição PT
Língua por
700 ## - Autor principal (pessoa individual)
ID Autoridade 15290
Apelido Gardeazabal
Nome José
Datas 1966-
801 ## - Fonte de origem
País PT
Agência BMMN
Regras de catalogação RPC
830 ## - Notas gerais do catalogador
Criado por Ana
Indexado por Ana
990 ## - Elementos KOHA
Tipo de documento Livro
Exemplares
Situação do levantamento Biblioteca de origem Código de barras Cota Permissão de empréstimo Tipo de documento Forma de aquisição
  Biblioteca Municipal de Montemor-o-Novo 28279 821.134.3-3 GAR|LG   Livro Compra

Powered by Koha